| 000 | 00576nam a2200181 4500 | ||
|---|---|---|---|
| 001 | 123168 | ||
| 003 | ES-MaACL | ||
| 005 | 20230906192125.0 | ||
| 007 | t| | ||
| 008 | 070214s1970 sp r ||||0| spa d | ||
| 100 | 1 |
_aPryor, Frederic L. _994093 |
|
| 245 | 1 | 3 |
_aEl sistema comunista de comercio exterior / _cFrederic L. Pryor ; traducción por Paloma Avila y José Mª Caballero. |
| 260 |
_aMadrid : _bTecnos, _c1970. |
||
| 300 |
_a287 p ; _c23 cm. |
||
| 700 | 1 |
_aAvila, Paloma. _924049 |
|
| 700 | 1 |
_aCaballero, José María. _933086 |
|
| 852 |
_aES-MaACL _jC-44497 _bR.75765 |
||
| 999 |
_c123168 _d123168 |
||